Statistics for Albus Dumbledore Quotes

Click here to take the quiz!

General Stats

  • This quiz has been taken 29 times
  • The average score is 4 of 15

Answer Stats

QuoteFinish the Quote% Correct
"Happiness can be found even in the darkest of times, if one only remembers to..."Turn on the Light
70%
"It takes a great deal of bravery to stand up to our enemies, but just as much to...Stand Up to Our Friends
63%
"It does not do to dwell on dreams and..."Forget to Live
59%
"We must all face the choice between what is right and..."What is Easy
52%
"Of course it is happening in your head, Harry, but why on Earth should that mean..."That it is Not Real
33%
"It is not our ablilities that show who we truly are, it is..."Our Choices
30%
"This is the pain of being human. The fact that you can feel pain like this is your..."Greatest Strength
26%
"Do or do not. ..."There is No Try
26%
"Let us step into the night and pursue that slighty temptress..."Adventure
15%
"Numbing the pain for a while will make it..."Worse When You Finally Feel It
15%
"We are only as strong as we are united, ..."As Weak as We Are Divided
11%
"Working hard is important, but there's something that matters even more, ..."Believing in Yourself
7%
"Words are, in my not so humble opinion, our most inexhaustible source of magic. ..."Capable of both inflicting injury and remedying it.
7%
"It is a curious thing, Harry, but perhaps those who are best suited to power are those who, ..."Have Never Sought It
7%
"A child's voice, however honest and true, is meaningless to those who have..."Forgotten to Listen
0%

Score Distribution

Percentile by Number Answered

Percent of People with Each Score

Your Score History

You have not taken this quiz